000 00628nam a2200229Ia 4500
003 OSt
005 20221007072950.0
006 a|||||r|||| 00| 0
007 ta
008 221006b |||||||| |||| 00| 0 eng d
024 _a14,635
037 _cTextual
040 _aFLL
_cFLL
_beng
041 _2eng
_aeng
082 _aX.73.N6, K8
100 _aSobel Robert
245 0 _aPanic on wall street history of american's financial disasters
260 _aLondon
_bThe Macmillan Company London
_c1968
300 _a469p
_ccm.
942 _hX.73.N6, K8
_cTEXL
_2CC
999 _c1147368
_d1147368